ბათუმის შოთა რუსთაველის სახელმწიფო უნივერსიტეტის ბიბლიოთეკა

საქმიანი ქაღალდების წაკითხვა და შექმნა : (ბიბ.ჩანაწერი № 37513)

000 -ლიდერი
ფიქსირებული სიგრძის საკონტროლო ველი 01400nam a2200229Ia 4500
001 - საკონტროლო ნომერი
საკონტროლო ველი 3477
003 - საკონტროლო ნომრის იდენტიფიკატორი
საკონტროლო ველი GE_BSU
005 - ბოლო ოპერაციის თარიღი და დრო
საკონტროლო ველი 20190620213358.0
008 - ფიქსირებული სიგრძის მონაცემთა ელემენტები - ზოგადი ინფორმაცია
ფიქსირებული სიგრძის საკონტროლო ველი 181216s2009||||ge |||||||||||||| ||geo||
020 ## - წიგნის საერთაშორისო სტანდარტული ნომერი
International Standard Book Number 9789941014918
040 ## - კატალოგიზაციის წყარო
Transcribing agency GE_BSU
041 ## - ენის კოდი
Language code of text/sound track or separate title geo
080 ## - უნივერსალური ათობითი კლასიფიკაციის ინდექსი
Universal Decimal Classification number 651.5 ჯ–27
100 ## - მთავარი ჩანაწერი - პიროვნების სახელი
Personal name ჯაყელი, თამარ
9 (RLIN) 2711
245 ## - ცნობა სათაურის შესახებ
Title საქმიანი ქაღალდების წაკითხვა და შექმნა :
Remainder of title დამხმ. სახელმძღვ. სკოლის არაქართულენოვანი თანამშრომლებისათვის /
Statement of responsibility, etc ავტ.: თამარ ჯაყელი, მაია მელიქიძე ; რედ. ქეთევან დათუკიშვილი ; ეროვნ. სასწ. გეგმებისა და შეფასების ცენტრი.
264 ## - წარმოების, გამოცემის, დისტრიბუციის და სხვა ცნობები
გამოცემის, წარმოების, დისტრიბუციის... ადგილი თბილისი,
გამოცემის, წარმოების, დისტრიბუციის... თარიღი 2009.
300 ## - ფიზიკური აღწერა
Extent 158 გვ.;
Other physical details 29 სმ.
653 ## - INDEX TERM--UNCONTROLLED
Uncontrolled term საქმიანი ქაღალდების შედგენა
700 ## - ADDED ENTRY--PERSONAL NAME
Personal name მელიქიძე, მაია; დათუკიშვილი, ქეთევან
Relator term რედაქტორი
9 (RLIN) 2712
710 ## - ADDED ENTRY--CORPORATE NAME
Corporate name or jurisdiction name as entry element ეროვნ. სასწ. გეგმებისა და შეფასების ცენტრი
9 (RLIN) 2713
942 ## - ADDED ENTRY ELEMENTS (KOHA)
Koha item type წიგნი
Source of classification or shelving scheme
ეგზემპლარები
ჩამოწერის სტატუსი დაკარგული ეგზემპლარის სტატუსი კლასიფიკაციის წყარო ან თაროზე გაწყობის სქემა დაზიანების სტატუსი არ გაიცემა მუდმივი მდებარეობა (დაცვის ადგილი) ამჟამინდელი ადგილსამყოფელი თაროზე განთავსების ადგილი შეძენის თარიღი სრული შენახვის შიფრი შტრიხკოდი ბოლო ოპერაციის თარიღი ეგზემპლარის მიმდევრობითი ნომერი (კეტერი?) ფასის ძალაში შესვლის თარიღი ეგზემპლარის სახეობა საჯარო შენიშვნა
          ბათუმის შოთა რუსთაველის სახელმწიფო უნივერსიტეტის მთავარი ბიბლიოთეკა ბათუმის შოთა რუსთაველის სახელმწიფო უნივერსიტეტის მთავარი ბიბლიოთეკა წიგნსაცავი 2018-12-17 651.5 ჯ–27 5077 2018-12-17 5077 2018-12-17 წიგნი